Capital to Country Click Quiz - Europe - Statistics

General Stats
  • This quiz has been taken 152 times
  • The average score is 38 of 45
Answer Stats
Hint Answer % Correct
Berlin Germany
95%
Stockholm Sweden
95%
Athens Greece
94%
Dublin Ireland
94%
Madrid Spain
94%
Vatican City Vatican City
94%
Brussels Belgium
93%
Reykjavik Iceland
93%
Rome Italy
93%
Luxembourg Luxembourg
93%
Kyiv Ukraine
93%
Andorra la Vella Andorra
92%
Vienna Austria
92%
Helsinki Finland
92%
Paris France
92%
Warsaw Poland
92%
Moscow Russia
92%
Bern Switzerland
92%
London United Kingdom
92%
Copenhagen Denmark
91%
Budapest Hungary
91%
Monaco Monaco
91%
Amsterdam Netherlands
91%
Oslo Norway
91%
Lisbon Portugal
91%
San Marino San Marino
91%
Prague Czech Republic
90%
Sofia Bulgaria
83%
Zagreb Croatia
83%
Minsk Belarus
81%
Bucharest Romania
81%
Belgrade Serbia
80%
Tallinn Estonia
79%
Valetta Malta
79%
Tirana Albania
78%
Riga Latvia
77%
Sarajevo Bosnia and Herzegovina
76%
Bratislava Slovakia
76%
Ljubljana Slovenia
76%
Vilnius Lithuania
72%
Chisinau Moldova
71%
Podgorica Montenegro
70%
Vaduz Liechtenstein
68%
Pristina Kosovo
65%
Skopje North Macedonia
64%
No matching quizzes found
Score Distribution
Percent of People with Each Score
Percentile by Number Answered
Your Score History
You have not taken this quiz